|
|
|
|
| LEADER |
00000cam a2200000 7i4500 |
| 001 |
0000003774 |
| 005 |
20151222.0 |
| 008 |
070719 |
| 020 |
|
|
|a 9838805785(set)
|
| 020 |
|
|
|a 9838805866
|
| 090 |
0 |
0 |
|a JF
|b MOT MAL (4135)
|
| 100 |
0 |
|
|a W.S Uzala
|
| 245 |
1 |
0 |
|a Hati kembali berbudi
|c W.S Uzala
|
| 260 |
|
|
|a Kuala Lumpur :
|b Eddiplex ,
|c 2004
|
| 440 |
|
|
|a Siri rangkaian motivasi
|
| 500 |
|
|
|a Children ages 7-9 years old (orange)
|
| 650 |
|
0 |
|a Junior fiction
|x Malay
|x Languages
|
| 650 |
|
0 |
|a Motivation
|
| 999 |
|
|
|a 0000911332
|b Book
|c Children Collection
|e Cawangan Bandar Tenggara
|
| 999 |
|
|
|a 0000974995
|b Book
|c Children Collection
|e Cawangan Bandar Tenggara
|
| 999 |
|
|
|a 0000974996
|b Book
|c Children Collection
|e Cawangan Urban Transformation Centre
|
| 999 |
|
|
|a 0000974997
|b Book
|c Children Collection
|e Perbadanan Perpustakaan Awam Johor
|
| 999 |
|
|
|a 0000974998
|b Book
|c Children Collection
|e Perbadanan Perpustakaan Awam Johor
|
| 999 |
|
|
|a 0000974999
|b Book
|c Children Collection
|e Cawangan Urban Transformation Centre
|
| 999 |
|
|
|a 0001051840
|b Book
|c Children Collection
|e Cawangan Tangkak
|
| 999 |
|
|
|a 0001145306
|b Book
|c Children Collection
|e Cawangan Segamat
|
| 999 |
|
|
|a 9838805866
|b Book
|c Children Collection
|e Cawangan Sri Merlong
|